Statistics for Top 10 countries, in different categories

Click here to take the quiz!

General Stats

  • This quiz has been taken 207 times
  • The average score is 67 of 80

Answer Stats

HintRankAnswer% Correct
Most powerful3China
100%
Busiest container port1China
100%
Largest economy2China
100%
Busiest container port10Germany
98%
Largest economy4Germany
98%
Most powerful4Germany
98%
Highest HDI4Germany
98%
Most powerful passport3Germany
98%
Most powerful2Russia
98%
Most oil reserves7Russia
98%
Busiest container port9United States
98%
Fastest internet speed9United States
98%
Largest GDP per capita10United States
98%
Most powerful1United States
98%
Largest economy1United States
98%
Most powerful6France
96%
Largest economy7France
96%
Most powerful5United Kingdom
96%
Largest economy6United Kingdom
96%
Largest economy5India
95%
Most powerful passport1Japan
95%
Fastest internet speed7Japan
95%
Most powerful7Japan
95%
Largest economy3Japan
95%
Most oil reserves2Saudi Arabia
93%
Most powerful10Saudi Arabia
93%
Largest economy10Canada
92%
Most oil reserves3Canada
92%
Largest economy9Brazil
90%
Most powerful passport5Italy
90%
Largest economy8Italy
90%
Fastest internet speed2Norway
90%
Highest HDI1Norway
90%
Largest GDP per capita6Norway
90%
Fastest internet speed1South Korea
89%
Most powerful9South Korea
89%
Most powerful passport3South Korea
89%
Busiest container port3South Korea
89%
Most powerful passport5Spain
89%
Fastest internet speed3Sweden
89%
Highest HDI7Sweden
89%
Highest HDI5Australia
86%
Most powerful passport9Denmark
84%
Highest HDI10Denmark
84%
Fastest internet speed8Denmark
84%
Fastest internet speed5Finland
83%
Most powerful passport5Finland
83%
Most oil reserves4Iran
83%
Highest HDI9Netherlands
80%
Fastest internet speed10Netherlands
80%
Busiest container port5Netherlands
80%
Largest GDP per capita9Switzerland
80%
Highest HDI2Switzerland
80%
Fastest internet speed4Switzerland
80%
Most oil reserves8United Arab Emirates
80%
Busiest container port4United Arab Emirates
80%
Largest GDP per capita7United Arab Emirates
80%
Fastest internet speed6Singapore
78%
Highest HDI8Singapore
78%
Most powerful passport2Singapore
78%
Busiest container port2Singapore
78%
Largest GDP per capita3Singapore
78%
Largest GDP per capita1Qatar
77%
Highest HDI6Iceland
73%
Most oil reserves5Iraq
73%
Most oil reserves6Kuwait
71%
Largest GDP per capita8Kuwait
71%
Most powerful passport5Luxembourg
71%
Largest GDP per capita2Luxembourg
71%
Busiest container port7Belgium
70%
Most oil reserves1Venezuela
67%
Largest GDP per capita4Ireland
65%
Highest HDI3Ireland
65%
Most powerful passport9Austria
59%
Most oil reserves10Nigeria
56%
Most powerful8Israel
54%
Busiest container port8Taiwan
54%
Busiest container port6Malaysia
42%
Largest GDP per capita5Brunei
32%
Most oil reserves9Libya
29%

Score Distribution

Percentile by Number Answered

Percent of People with Each Score

Your Score History

You have not taken this quiz